000 00260nam a2200121Ia 4500
008 140626s9999 xx 000 0 und d
245 _aHR News /
260 _cc2012.
300 _a57 : 11, page 15
440 _aHR Magazine
521 _aBSBA
942 _cSE
999 _c121491
_d121491